Países por Esperança Média de Vida - Statistics

Estatísticas Gerais
  • Esse quiz foi jogado 108 vezes
  • A pontuação média é 11 de 15
Estatísticas das Respostas
Países Esperança Média de Vida % Correto
Japão 88 Anos
96%
Canadá 82.5 Anos
90%
Suécia 83 Anos
90%
Noruega 81.9 Anos
89%
Suiça 82.8 Anos
89%
Itália 83.1 Anos
88%
Espanha 82.5 Anos
84%
França 82.3 Anos
84%
Austrália 83 Anos
82%
Islândia 83.3 Anos
82%
Luxemburgo 82 Anos
72%
San Marino 83.5 Anos
61%
Singapura 84 Anos
55%
Andorra 84.2 Anos
54%
Israel 82.1 Anos
34%
Nenhum quiz correspondente encontrado
Distribuição das Pontuações
Porcentagem de Pessoas com Cada Pontuação
Percentil de Números Respondidos
Sua Pontuação Histórica
Você não jogou esse quiz